[Event "Wattenscheid - Solingen"]
[Site "BL 0203"]
[Date "2002.12.13"]
[Round "7.2"]
[White "Johannessen, Leif Erlend"]
[Black "Piket, Jeroen"]
[Result "1/2-1/2"]
[WhiteElo "2534"]
[BlackElo "2646"]
[PlyCount "114"]
[EventDate "2002.??.??"]

1. d4 Nf6 2. c4 c5 3. d5 e5 4. Nc3 d6 5. e4 Be7 6. g3 Na6 7. Bg2 Nc7 8. Nge2 h5
9. h4 a6 10. a4 b6 11. Rb1 Bd7 12. b4 Rb8 13. O-O O-O 14. Bd2 cxb4 15. Rxb4 a5
16. Rb1 Na6 17. Nb5 Rc8 18. Qc2 g6 19. Rb2 Rc5 20. Qd3 Qb8 21. Rc1 Rfc8 22. f3
Bf8 23. Rcc2 Kh7 24. Nc1 Nb4 25. Bxb4 axb4 26. Na2 Qa8 27. Qb3 Qa5 28. Nxb4
Bxb5 29. cxb5 Rxc2 30. Rxc2 Rxc2 31. Nxc2 Qd2 32. Ne3 Nd7 33. Nc4 Qc1+ 34. Bf1
Nc5 35. Qe3 Qxe3+ 36. Nxe3 Nxa4 37. Nc4 f5 38. exf5 gxf5 39. Bd3 Kg6 40. Ne3 e4
41. fxe4 fxe4 42. Bxe4+ Kf6 43. Nc4 Nc3 44. Bf3 Kg6 45. Nxb6 Nxb5 46. Nc4 Bg7
47. Be4+ Kf7 48. Kf2 Bd4+ 49. Ke2 Bc5 50. Ne3 Kf6 51. Kd3 Bxe3 52. Kxe3 Ke5 53.
Bf3 Nc7 54. Bxh5 Nxd5+ 55. Kf3 Ne7 56. g4 Nf5 57. gxf5 Kxf5 1/2-1/2

[Event "Wattenscheid - Solingen"]
[Site "BL 0203"]
[Date "2002.12.13"]
[Round "7.3"]
[White "Jussupow, Artur"]
[Black "Appel, Ralf"]
[Result "1/2-1/2"]
[WhiteElo "2622"]
[BlackElo "2503"]
[PlyCount "102"]
[EventDate "2002.??.??"]

1. d4 Nf6 2. Nf3 e6 3. e3 b6 4. Bd3 c5 5. O-O Be7 6. c4 O-O 7. d5 d6 8. Nc3 e5
9. Ne1 Ng4 10. h3 Nh6 11. f4 exf4 12. exf4 f5 13. Be3 Na6 14. Nf3 Nf7 15. a3
Bf6 16. Qc2 g6 17. Rae1 Kg7 18. Nd1 Nc7 19. Bd2 Re8 20. Ne3 h5 21. Re2 Bd7 22.
Rfe1 a5 23. b3 b5 24. cxb5 Nxb5 25. Bxb5 Bxb5 26. Nc4 Rxe2 27. Rxe2 a4 28. Bc1
axb3 29. Qxb3 Ba4 30. Qd3 Rb8 31. Bb2 Rb3 32. Qd2 Bxb2 33. Nxb2 Bb5 34. Re3
Rxe3 35. Qxe3 Qf6 36. Nd1 Bc4 37. Nc3 Qd8 38. Nd4 Qa8 39. Ne6+ Kh6 40. Ng5 Qf8
41. a4 Nd8 42. Kh2 Nf7 43. h4 Nd8 44. a5 Nb7 45. Qe6 Qg7 46. Qc8 Nxa5 47. Ne6
Qf6 48. g3 Nc6 49. Qxc6 Qxc3 50. Qxd6 Qd2+ 51. Kg1 Qe1+ 1/2-1/2

[Event "Wattenscheid - Solingen"]
[Site "BL 0203"]
[Date "2002.12.13"]
[Round "7.4"]
[White "Handke, Florian"]
[Black "Sadler, Matthew"]
[Result "0-1"]
[WhiteElo "2504"]
[BlackElo "2624"]
[PlyCount "94"]
[EventDate "2002.??.??"]

1. e4 c5 2. Nf3 d6 3. d4 cxd4 4. Nxd4 Nf6 5. Nc3 a6 6. Be2 g6 7. g4 h6 8. h4
Bg7 9. Be3 Nc6 10. Rg1 d5 11. Nxc6 bxc6 12. Bd4 dxe4 13. Nxe4 O-O 14. Nxf6+
exf6 15. Qd2 c5 16. Bxc5 Qxd2+ 17. Kxd2 Rd8+ 18. Bd3 f5 19. g5 hxg5 20. hxg5
Bxb2 21. Rab1 Bd4 22. Bxd4 Rxd4 23. Ke3 Ra4 24. Rb6 Be6 25. Rgb1 a5 26. a3 Kg7
27. Rd6 Rxa3 28. Rb7 Re8 29. Kd2 Kf8 30. Bb5 Rc8 31. Ra7 Ra1 32. Bd3 Ra4 33.
Rda6 Rc5 34. Ra8+ Kg7 35. f4 Rxf4 36. R8a7 Re5 37. Rxa5 Rxa5 38. Rxa5 Rg4 39.
Ke3 Rxg5 40. Kf4 Kf6 41. Ra6 Rg1 42. c4 g5+ 43. Kf3 f4 44. c5 Ke5 45. c6 g4+
46. Ke2 Rc1 47. Ra5+ Bd5 0-1

[Event "Wattenscheid - Solingen"]
[Site "BL 0203"]
[Date "2002.12.13"]
[Round "7.5"]
[White "Werle, Jan"]
[Black "Hall, Jesper"]
[Result "1-0"]
[WhiteElo "2434"]
[BlackElo "2489"]
[PlyCount "55"]
[EventDate "2002.??.??"]

1. Nf3 c5 2. c4 Nc6 3. d4 cxd4 4. Nxd4 e6 5. g3 Qb6 6. Nb5 Ne5 7. Bf4 d6 8. b3
a6 9. N5c3 Nf6 10. Bg2 Be7 11. O-O O-O 12. Nd2 Ng6 13. Be3 Qc7 14. Na4 Bd7 15.
Nb6 Rad8 16. Nxd7 Rxd7 17. Rc1 Qa5 18. Ne4 d5 19. Bd2 Qa3 20. Nxf6+ Bxf6 21.
cxd5 Qxa2 22. e4 exd5 23. exd5 Ne7 24. Bb4 a5 25. Bc5 Rfd8 26. Re1 Nxd5 27. Bh3
Nc3 28. Qxd7 1-0

[Event "Wattenscheid - Solingen"]
[Site "BL 0203"]
[Date "2002.12.13"]
[Round "7.6"]
[White "Holzke, Frank"]
[Black "Chandler, Murray G"]
[Result "1/2-1/2"]
[WhiteElo "2479"]
[BlackElo "2517"]
[PlyCount "92"]
[EventDate "2002.??.??"]

1. e4 c5 2. Nf3 Nc6 3. d4 cxd4 4. Nxd4 Nf6 5. Nc3 e5 6. Ndb5 d6 7. Bg5 a6 8.
Na3 b5 9. Bxf6 gxf6 10. Nd5 Bg7 11. c4 O-O 12. cxb5 Nd4 13. Bd3 f5 14. Nc2 fxe4
15. Bxe4 Rb8 16. O-O Rxb5 17. b3 Nxc2 18. Qxc2 f5 19. Qxc8 Qxc8 20. Ne7+ Kh8
21. Nxc8 Rxc8 22. Bxf5 Rf8 23. Bd3 Ra5 24. Bc4 d5 25. b4 Ra4 26. Bxd5 Rxb4 27.
Rac1 Rd8 28. Rc5 Bf8 29. Ra5 Rb5 30. Rxb5 axb5 31. Bb3 Ba3 32. g3 Rd2 33. Re1
Bb2 34. Re3 Bd4 35. Rf3 Kg7 36. Kf1 e4 37. Rf5 b4 38. Rf4 e3 39. fxe3 Bxe3 40.
Rxb4 Rf2+ 41. Ke1 Rxh2 42. Re4 Bf2+ 43. Kf1 h5 44. Re7+ Kh6 45. Re6+ Kg5 46.
Re5+ Kf6 1/2-1/2

[Event "Wattenscheid - Solingen"]
[Site "BL 0203"]
[Date "2002.12.13"]
[Round "7.7"]
[White "Hoffmann, Michael"]
[Black "Ellers, Holger"]
[Result "1-0"]
[WhiteElo "2438"]
[BlackElo "2425"]
[PlyCount "81"]
[EventDate "2002.??.??"]

1. d4 e6 2. c4 Bb4+ 3. Nc3 c5 4. Nf3 Ne7 5. g3 O-O 6. Bg2 Nbc6 7. O-O cxd4 8.
Nxd4 Nxd4 9. Qxd4 Nc6 10. Qd3 Ne5 11. Qe4 d6 12. Bf4 Ng6 13. Bd2 Bd7 14. Qxb7
Rb8 15. Qe4 Rc8 16. a3 Bc6 17. Qc2 Bxg2 18. Kxg2 Bxc3 19. Qxc3 d5 20. b3 f5 21.
Rad1 e5 22. Qd3 d4 23. e3 f4 24. exf4 exf4 25. Bb4 Rf7 26. Qxd4 Qg5 27. Qd5 Qg4
28. f3 Qf5 29. Qxf5 Rxf5 30. Rd7 Re5 31. Bc3 Re3 32. Rc1 Ne5 33. Bxe5 Rxe5 34.
Rcd1 Re2+ 35. Kh3 fxg3 36. hxg3 Re3 37. R1d3 Rce8 38. b4 R8e7 39. Rxa7 Rxd3 40.
Rxe7 Rxa3 41. b5 1-0

[Event "Wattenscheid - Solingen"]
[Site "BL 0203"]
[Date "2002.12.13"]
[Round "7.8"]
[White "Straeter, Timo"]
[Black "Schaefer, Markus"]
[Result "1-0"]
[WhiteElo "2329"]
[BlackElo "2385"]
[PlyCount "135"]
[EventDate "2002.??.??"]

1. e4 e6 2. d4 d5 3. Nc3 Nf6 4. Bg5 Be7 5. e5 Nfd7 6. Bxe7 Qxe7 7. f4 O-O 8.
Nf3 c5 9. dxc5 Nc6 10. Qd2 Qxc5 11. O-O-O f6 12. exf6 Nxf6 13. Bd3 Rb8 14. Kb1
b5 15. Rhe1 a5 16. Ng5 Re8 17. Qe2 Re7 18. Nxh7 Nd7 19. Ng5 Nf6 20. Nh7 Nd7 21.
Qf3 a4 22. Bg6 b4 23. Nxa4 Qa7 24. b3 Ba6 25. Qh3 Nd4 26. Ng5 Nf6 27. Bh7+ Kf8
28. Qe3 Nb5 29. Qxa7 Nxa7 30. Nxe6+ Kf7 31. Ng5+ Kf8 32. Nc5 Bc8 33. Bd3 Bg4
34. Rxe7 Kxe7 35. Re1+ Kd6 36. Na6 Rb7 37. h3 Bc8 38. Kb2 Nc6 39. Bg6 Ra7 40.
Nf7+ Rxf7 41. Bxf7 Bxa6 42. g4 Nd8 43. Bg6 Ne6 44. f5 Nf4 45. g5 Ne4 46. h4 Bc8
47. h5 Nxh5 48. Bxh5 Bxf5 49. Rg1 Ke5 50. a4 bxa3+ 51. Kxa3 d4 52. b4 Nd6 53.
Kb2 Nc4+ 54. Kb3 Nd2+ 55. Kb2 Nc4+ 56. Kc1 Na3 57. Bg4 Be4 58. Re1 Kf4 59. Bd1
g6 60. Kb2 Nc4+ 61. Kb3 Ne3 62. Rg1 Ng2 63. Be2 Ke3 64. Bd3 Bd5+ 65. Ka4 Nf4
66. b5 Kd2 67. Rg4 Nxd3 68. Rxd4 1-0

[Event "Stuttgart - Baden Oos"]
[Site "BL 0203"]
[Date "2002.12.13"]
[Round "7.2"]
[White "Golubev, Mihail"]
[Black "Krasenkow, Michal"]
[Result "1/2-1/2"]
[WhiteElo "2528"]
[BlackElo "2651"]
[PlyCount "35"]
[EventDate "2002.??.??"]

1. e4 c5 2. Nf3 e6 3. d4 cxd4 4. Nxd4 Nf6 5. Nc3 Nc6 6. a3 d5 7. Bb5 Bd7 8.
exd5 Nxd5 9. Nxd5 exd5 10. O-O Be7 11. Be3 Bf6 12. c4 dxc4 13. Nxc6 bxc6 14.
Bxc4 O-O 15. Qc2 Qc8 16. Rad1 Bf5 17. Qc1 Be4 18. f3 1/2-1/2

[Event "Stuttgart - Baden Oos"]
[Site "BL 0203"]
[Date "2002.12.13"]
[Round "7.3"]
[White "Dautov, Rustem"]
[Black "Jenni, Florian"]
[Result "1-0"]
[WhiteElo "2617"]
[BlackElo "2483"]
[PlyCount "83"]
[EventDate "2002.??.??"]

1. d4 Nf6 2. c4 e6 3. Nf3 b6 4. g3 Ba6 5. b3 b5 6. cxb5 Bxb5 7. Bg2 Bc6 8. O-O
Qc8 9. Bg5 Be7 10. Nc3 d6 11. Rc1 Qb7 12. Qc2 h6 13. Bxf6 Bxf6 14. e4 O-O 15.
d5 exd5 16. Nxd5 Bxd5 17. exd5 Na6 18. a3 Rab8 19. Nd2 Bg5 20. b4 Rbe8 21. h4
Bxd2 22. Qxd2 Re7 23. Rc4 Nb8 24. Rfc1 a5 25. bxa5 Na6 26. Rg4 Kh8 27. Qc3 Rg8
28. Re1 Rxe1+ 29. Qxe1 Nc5 30. Qe7 Nd3 31. Qxf7 Qb1+ 32. Kh2 Ne5 33. Rb4 Qc1
34. Qf4 Qxa3 35. Ra4 Qb3 36. a6 Nd3 37. Qc4 Qd1 38. Qd4 Nxf2 39. Qxd1 Nxd1 40.
a7 Ra8 41. Ra3 Nf2 42. Bf3 1-0

[Event "Stuttgart - Baden Oos"]
[Site "BL 0203"]
[Date "2002.12.13"]
[Round "7.5"]
[White "Doettling, Fabian"]
[Black "Zeller, Frank"]
[Result "1/2-1/2"]
[WhiteElo "2539"]
[BlackElo "2454"]
[PlyCount "78"]
[EventDate "2002.??.??"]

1. d4 Nf6 2. Nf3 e6 3. c4 b6 4. e3 Bb7 5. Bd3 c5 6. O-O g6 7. Nc3 Bg7 8. d5
exd5 9. cxd5 Nxd5 10. Nxd5 Bxd5 11. Bxg6 hxg6 12. Qxd5 Nc6 13. e4 Qf6 14. Re1
Rc8 15. e5 Qf5 16. Bd2 O-O 17. Qd6 Rfe8 18. Bc3 Re7 19. Rad1 Rce8 20. Rd5 Qe6
21. Qxe6 dxe6 22. Rd6 Rc7 23. Red1 b5 24. b3 Rec8 25. Kf1 a5 26. Rd7 a4 27.
Rxc7 Rxc7 28. Rc1 axb3 29. axb3 Rd7 30. Ra1 Rd3 31. Ra8+ Bf8 32. Bd2 Kg7 33.
Bg5 Be7 34. Rc8 Bxg5 35. Rxc6 Be7 36. Rc7 Kf8 37. Rc8+ Kg7 38. Rc7 Kf8 39. Rc8+
Kg7 1/2-1/2

[Event "Stuttgart - Baden Oos"]
[Site "BL 0203"]
[Date "2002.12.13"]
[Round "7.6"]
[White "Duppel, Matthias"]
[Black "Schenk, Andreas"]
[Result "1/2-1/2"]
[WhiteElo "2440"]
[BlackElo "2479"]
[PlyCount "64"]
[EventDate "2002.??.??"]

1. e4 e6 2. d4 d5 3. Nc3 Nf6 4. e5 Nfd7 5. f4 c5 6. Nf3 Nc6 7. Be3 cxd4 8. Nxd4
Bc5 9. Qd2 O-O 10. O-O-O Nxd4 11. Bxd4 a6 12. Qe3 Qc7 13. Bd3 Bxd4 14. Qxd4 Qc5
15. Ne2 b6 16. Qg1 Bb7 17. Nd4 Qa5 18. Kb1 Qc5 19. Qe3 Rfe8 20. Rhe1 b5 21. Qh3
Nf8 22. Re3 g6 23. c3 b4 24. Bc2 a5 25. g4 bxc3 26. Rxc3 Qb6 27. Qe3 Rac8 28.
Rxc8 Bxc8 29. f5 exf5 30. gxf5 gxf5 31. Bxf5 Bxf5+ 32. Nxf5 Qxe3 1/2-1/2

[Event "Stuttgart - Baden Oos"]
[Site "BL 0203"]
[Date "2002.12.13"]
[Round "7.7"]
[White "Schlosser, Philipp"]
[Black "Bunzmann, Dimitri"]
[Result "0-1"]
[WhiteElo "2534"]
[BlackElo "2498"]
[PlyCount "47"]
[EventDate "2002.??.??"]

1. Nf3 Nf6 2. c4 e6 3. g3 b6 4. Bg2 Bb7 5. d4 Be7 6. O-O O-O 7. Re1 d5 8. cxd5
exd5 9. Nc3 Na6 10. Bf4 c5 11. Rc1 Ne4 12. dxc5 Naxc5 13. Nb5 Ne6 14. Be3 Bc5
15. Nbd4 Qf6 16. Qd3 g5 17. Rf1 g4 18. Nxe6 fxe6 19. Nd2 Nxd2 20. Qxd2 Rac8 21.
Bxc5 bxc5 22. Qa5 Qxb2 23. Qxa7 Rf7 24. Rxc5 0-1

[Event "Stuttgart - Baden Oos"]
[Site "BL 0203"]
[Date "2002.12.13"]
[Round "7.8"]
[White "Heinatz, Thomas"]
[Black "Schmaltz, Roland"]
[Result "0-1"]
[WhiteElo "2315"]
[BlackElo "2529"]
[PlyCount "102"]
[EventDate "2002.??.??"]

1. e4 c5 2. Nf3 e6 3. d4 cxd4 4. Nxd4 a6 5. Nc3 Qc7 6. g3 Bb4 7. Nde2 Be7 8.
Bg2 Nf6 9. O-O d6 10. h3 Nc6 11. f4 O-O 12. g4 Nd7 13. g5 Re8 14. Ng3 b5 15.
Nce2 Bf8 16. h4 Bb7 17. f5 exf5 18. exf5 Nce5 19. Bxb7 Qxb7 20. Nf4 Rac8 21.
Kh2 b4 22. a3 a5 23. axb4 axb4 24. Rf2 Rc4 25. Kh3 Qb6 26. Re2 Rec8 27. Be3 Qc6
28. Rc1 Qf3 29. Qh1 Qg4+ 30. Kg2 Rxf4 31. Bxf4 Qxf4 32. Rf1 Qc4 33. f6 Qd5+ 34.
Kh3 Qe6+ 35. Kg2 gxf6 36. Qh3 fxg5 37. hxg5 Qxh3+ 38. Kxh3 Rc4 39. Nh5 Ng6 40.
Kg3 Rc5 41. Kg4 Nde5+ 42. Kg3 Be7 43. Nf6+ Bxf6 44. Rxf6 Nc4 45. Kg4 Kg7 46.
Ref2 Nce5+ 47. Kg3 Rd5 48. R6f5 Rd4 49. Rf1 Re4 50. b3 Re3+ 51. Kf2 Rc3 0-1

[Event "Plauen - Erfurt"]
[Site "BL 0203"]
[Date "2002.12.13"]
[Round "7.1"]
[White "Luther, Thomas"]
[Black "Beliavsky, Alexander"]
[Result "0-1"]
[WhiteElo "2538"]
[BlackElo "2650"]
[PlyCount "62"]
[EventDate "2002.??.??"]

1. e4 d6 2. d4 Nf6 3. Nc3 g6 4. f4 Bg7 5. Nf3 c5 6. Bb5+ Bd7 7. e5 Ng4 8. Bxd7+
Qxd7 9. d5 dxe5 10. h3 e4 11. hxg4 exf3 12. Qxf3 Na6 13. Bd2 O-O-O 14. O-O-O
Nc7 15. Be1 f5 16. gxf5 Qxf5 17. g4 Qf7 18. Bg3 h5 19. f5 hxg4 20. Qf4 Rd7 21.
Rxh8+ Bxh8 22. fxg6 Qxg6 23. Nb5 Bg7 24. Rh1 Qb6 25. Nxc7 Qxb2+ 26. Kd2 Qc3+
27. Ke2 Qxc2+ 28. Kf1 Qd1+ 29. Kg2 Qe2+ 30. Qf2 Qe4+ 31. Kh2 Bd4 0-1

[Event "Plauen - Erfurt"]
[Site "BL 0203"]
[Date "2002.12.13"]
[Round "7.3"]
[White "Votava, Jan"]
[Black "Markowski, Tomasz"]
[Result "1/2-1/2"]
[WhiteElo "2518"]
[BlackElo "2549"]
[PlyCount "30"]
[EventDate "2002.??.??"]

1. e4 c5 2. Nf3 e6 3. d4 cxd4 4. Nxd4 a6 5. c4 Nf6 6. Nc3 Bb4 7. Qc2 O-O 8. Be2
d6 9. O-O Qc7 10. Bd2 Nc6 11. Nxc6 Qxc6 12. f3 d5 13. cxd5 exd5 14. Bd3 dxe4
15. Nxe4 Qxc2 1/2-1/2

[Event "Plauen - Erfurt"]
[Site "BL 0203"]
[Date "2002.12.13"]
[Round "7.5"]
[White "Paehtz, Thomas Sr"]
[Black "Espig, Lutz"]
[Result "1/2-1/2"]
[WhiteElo "2455"]
[BlackElo "2425"]
[PlyCount "27"]
[EventDate "2002.??.??"]

1. e4 d6 2. d4 Nf6 3. Nc3 g6 4. Be3 Bg7 5. Qd2 c6 6. Nf3 b5 7. Bd3 Nbd7 8. h3
Qc7 9. O-O O-O 10. Bh6 b4 11. Ne2 c5 12. Bxg7 Kxg7 13. Ng3 cxd4 14. Nxd4
1/2-1/2

[Event "Plauen - Erfurt"]
[Site "BL 0203"]
[Date "2002.12.13"]
[Round "7.6"]
[White "Brendel, Oliver"]
[Black "Mueller, Matthias"]
[Result "1/2-1/2"]
[WhiteElo "2378"]
[BlackElo "2403"]
[PlyCount "32"]
[EventDate "2002.??.??"]

1. e4 e5 2. Nf3 Nc6 3. Bb5 a6 4. Ba4 Nf6 5. O-O b5 6. Bb3 Bc5 7. Nxe5 Nxe5 8.
d4 Bxd4 9. Qxd4 d6 10. f4 Nc6 11. Qc3 Bb7 12. e5 Ne4 13. Qe1 Nd4 14. Nc3 Nxb3
15. axb3 Nxc3 16. bxc3 O-O 1/2-1/2

[Event "Plauen - Erfurt"]
[Site "BL 0203"]
[Date "2002.12.13"]
[Round "7.7"]
[White "Enders, Peter"]
[Black "Haskamp, Stephan"]
[Result "1-0"]
[WhiteElo "2524"]
[BlackElo "2318"]
[PlyCount "97"]
[EventDate "2002.??.??"]

1. e4 g6 2. Nf3 Bg7 3. d4 d6 4. Bc4 e6 5. Bb3 Ne7 6. h4 h6 7. Nc3 Nd7 8. Be3 a6
9. Ne2 Nf6 10. Ng3 b6 11. c3 Bb7 12. Nd2 h5 13. f3 Bh6 14. Bxh6 Rxh6 15. Qe2
Rh7 16. O-O-O Nc6 17. f4 Na5 18. Bc2 Qe7 19. Nf3 O-O-O 20. Bd3 b5 21. b4 Nc4
22. Bxc4 bxc4 23. Qxc4 d5 24. Qe2 Nxe4 25. Nxe4 dxe4 26. Ng5 f5 27. Nxh7 Qxh7
28. Kb2 Rd6 29. c4 Qd7 30. Kc3 Qa4 31. Qc2 Qd7 32. Rhe1 Qd8 33. g3 a5 34. b5 c6
35. c5 Rd5 36. b6 Qh8 37. Kb3 Rxd4 38. Rxd4 Qxd4 39. Qc3 a4+ 40. Kb2 e5 41.
fxe5 Qf2+ 42. Ka3 Ba6 43. e6 Bc4 44. Qh8+ Kb7 45. Qg7+ Ka6 46. Qa7+ Kb5 47.
Rb1+ Bb3 48. Qxa4+ Kxc5 49. Rc1+ 1-0

[Event "Plauen - Erfurt"]
[Site "BL 0203"]
[Date "2002.12.13"]
[Round "7.8"]
[White "Kuraszkiewicz, Michael"]
[Black "Brueggemann, Joachim"]
[Result "0-1"]
[WhiteElo "2323"]
[BlackElo "2412"]
[PlyCount "80"]
[EventDate "2002.??.??"]

1. d4 Nf6 2. c4 e6 3. a3 d5 4. Nc3 c5 5. e3 Nc6 6. Nf3 Be7 7. dxc5 Bxc5 8. b4
Be7 9. Bb2 O-O 10. cxd5 exd5 11. Be2 Be6 12. O-O Rc8 13. Rc1 Bd6 14. Nb5 Bb8
15. Nbd4 Ne4 16. b5 Ne7 17. Nxe6 fxe6 18. Bd3 Rxc1 19. Qxc1 Ng6 20. Bxe4 dxe4
21. Qc3 Rf7 22. Nd4 Be5 23. Qb4 Qh4 24. h3 Qf6 25. Qc4 h6 26. Qc2 Bxd4 27. Bxd4
Qf5 28. Qc8+ Kh7 29. Qc5 e5 30. Bb2 b6 31. Qc2 Nh4 32. Qe2 Nf3+ 33. Kh1 Rf6 34.
Rd1 Rg6 35. Qf1 Nh4 36. g3 Nf3 37. Qg2 Rf6 38. Rd5 Rf7 39. g4 Qe6 40. Rxe5 Qb3
0-1

[Event "Godesberg - Porz"]
[Site "BL 0203"]
[Date "2003.01.10"]
[Round "7.1"]
[White "Lutz, Christopher"]
[Black "Breder, Dennis"]
[Result "1/2-1/2"]
[WhiteElo "2655"]
[BlackElo "2438"]
[PlyCount "43"]
[EventDate "2003.01.10"]

1. e4 c5 2. Nf3 d6 3. d4 Nf6 4. Nc3 cxd4 5. Nxd4 Nc6 6. Bg5 e6 7. Qd2 Be7 8.
O-O-O Nxd4 9. Qxd4 O-O 10. f3 a6 11. h4 Qa5 12. Kb1 b5 13. g4 b4 14. Ne2 e5 15.
Qd3 Be6 16. Nc1 Rfc8 17. Bxf6 Bxf6 18. g5 Be7 19. Bh3 Bc4 20. Qe3 Rc7 21. h5
Qc5 22. Qxc5 1/2-1/2

[Event "Godesberg - Porz"]
[Site "BL 0203"]
[Date "2003.01.10"]
[Round "7.2"]
[White "Sprenger, Jan-Michael"]
[Black "Sokolov, Ivan"]
[Result "0-1"]
[WhiteElo "2426"]
[BlackElo "2677"]
[PlyCount "82"]
[EventDate "2003.01.10"]

1. d4 d5 2. Nf3 Nf6 3. c4 c6 4. cxd5 cxd5 5. Nc3 Nc6 6. Bf4 Qb6 7. a3 Bg4 8.
Na4 Qd8 9. Ne5 e6 10. Nxc6 bxc6 11. Rc1 Rc8 12. f3 Bf5 13. g4 Bg6 14. Qd2 Bd6
15. h4 Bxf4 16. Qxf4 Qa5+ 17. Nc3 h5 18. g5 Nd7 19. Qd6 Qb6 20. Qb4 Qxb4 21.
axb4 Rb8 22. Na2 Rb6 23. e3 Ke7 24. Rh2 Ra8 25. Rd2 a5 26. bxa5 Rxa5 27. Nc3 c5
28. Nd1 Rb4 29. Nc3 Kd6 30. Kf2 cxd4 31. exd4 Nb8 32. Ke3 Nc6 33. Rcd1 Ra8 34.
Rc1 Rab8 35. Nd1 Na5 36. Ra1 Nb3 37. Ra6+ Kc7 38. Rh2 Nxd4 39. Bd3 Bxd3 40.
Kxd3 Nxf3 41. Rc2+ Kb7 0-1

[Event "Godesberg - Porz"]
[Site "BL 0203"]
[Date "2003.01.10"]
[Round "7.3"]
[White "Andersson, Ulf"]
[Black "Langheinrich, Ferenc"]
[Result "1/2-1/2"]
[WhiteElo "2599"]
[BlackElo "2360"]
[PlyCount "82"]
[EventDate "2003.01.10"]

1. Nf3 Nf6 2. d4 c5 3. c4 cxd4 4. Nxd4 e5 5. Nc2 d5 6. cxd5 Qxd5 7. Qxd5 Nxd5
8. e4 Nb4 9. Nxb4 Bxb4+ 10. Bd2 Nc6 11. Bb5 Bd7 12. Bxc6 Bxd2+ 13. Kxd2 Bxc6
14. Nc3 O-O-O+ 15. Ke2 Rd4 16. f3 Rhd8 17. Rhd1 g6 18. Rac1 f5 19. Rxd4 exd4
20. Nd5 fxe4 21. fxe4 Kd7 22. Kd3 Ke6 23. Rc5 Bxd5 24. exd5+ Rxd5 25. Rc7 Rd7
26. Rxd7 Kxd7 27. Kxd4 Kd6 28. Ke4 Ke6 29. b3 h6 30. Kd4 Kd6 31. a4 a5 32. Ke4
Ke6 33. h3 g5 34. Kd4 Kd6 35. g4 b6 36. Kc4 Kc6 37. b4 axb4 38. Kxb4 Kd6 39.
Kc3 Kc5 40. Kb3 Kd5 41. Kb4 Kd6 1/2-1/2

[Event "Godesberg - Porz"]
[Site "BL 0203"]
[Date "2003.01.10"]
[Round "7.4"]
[White "Seger, Ruediger"]
[Black "Vaganian, Rafael"]
[Result "1-0"]
[WhiteElo "2398"]
[BlackElo "2664"]
[PlyCount "117"]
[EventDate "2003.01.10"]

1. e4 e6 2. d4 d5 3. Nd2 c5 4. exd5 exd5 5. Ngf3 Nc6 6. Bb5 Bd6 7. dxc5 Bxc5 8.
O-O Nge7 9. Nb3 Bd6 10. Bg5 O-O 11. Bh4 Bg4 12. Bg3 Bxg3 13. hxg3 Qb6 14. Bd3
a5 15. a4 Ne5 16. Re1 N7c6 17. Be2 Bxf3 18. gxf3 Rfd8 19. Rb1 d4 20. Nc1 Nb4
21. Bb5 Qc5 22. Nd3 Nbxd3 23. Bxd3 h5 24. f4 Ng4 25. Qf3 Qb4 26. Bb5 Rac8 27.
Re2 Rc7 28. b3 Re7 29. Rd1 Rxe2 30. Qxe2 Nf6 31. Qd3 h4 32. Bc4 Qc5 33. Re1
hxg3 34. Qxg3 Qh5 35. Re7 Rd7 36. Bxf7+ Qxf7 37. Rxf7 Kxf7 38. f5 Rd5 39. Qc7+
Kg8 40. Qxb7 Kh7 41. Qc8 Kh6 42. Qh8+ Nh7 43. Qe8 Rxf5 44. Qe4 g6 45. Qxd4 g5
46. Kf1 Nf6 47. c3 Rf4 48. Qb6 g4 49. Kg2 Rf3 50. Qxa5 Kg6 51. Qb6 Rxc3 52. a5
Kf5 53. Qb5+ Ke6 54. a6 Nd5 55. Qe8+ Kf5 56. Qf8+ Ke4 57. a7 Nf4+ 58. Qxf4+
Kxf4 59. a8=Q 1-0

[Event "Godesberg - Porz"]
[Site "BL 0203"]
[Date "2003.01.10"]
[Round "7.6"]
[White "Heinbuch, Detlef"]
[Black "Hansen, Curt"]
[Result "0-1"]
[WhiteElo "2365"]
[BlackElo "2625"]
[PlyCount "108"]
[EventDate "2003.01.10"]

1. d4 Nf6 2. Nf3 e6 3. c4 b6 4. g3 Ba6 5. b3 Bb7 6. Bg2 Bb4+ 7. Bd2 Be7 8. Nc3
O-O 9. O-O Na6 10. Bc1 d5 11. cxd5 exd5 12. Bb2 Qc8 13. e3 Rd8 14. Rc1 Qe6 15.
Ne5 Bf8 16. a3 c5 17. Ne2 Qe8 18. Re1 Rab8 19. Nc3 Nc7 20. Rc2 Nb5 21. Nxb5
Qxb5 22. Qd3 Qe8 23. Rec1 Ne4 24. f3 Ng5 25. Qd2 Ba6 26. b4 f6 27. Ng4 c4 28.
Bc3 Bb5 29. Re1 Ba4 30. Rcc1 Qg6 31. Nf2 Ne6 32. e4 Nc7 33. Nh3 Qf7 34. Nf2 Nb5
35. Ng4 dxe4 36. fxe4 Qd7 37. Ne3 Nxc3 38. Qxc3 Qxd4 39. Qxc4+ Qxc4 40. Nxc4 a5
41. bxa5 b5 42. Ne3 Bxa3 43. Rb1 Bc5 44. Bf1 Re8 45. Bd3 f5 46. Kg2 fxe4 47.
Bf1 Bd4 48. Nf5 Bc3 49. Re3 Bd2 50. Re2 Bxa5 51. Nd6 Re6 52. Nxe4 Rbe8 53. Kf3
b4 54. Nf6+ Rxf6+ 0-1

[Event "Godesberg - Porz"]
[Site "BL 0203"]
[Date "2003.01.10"]
[Round "7.7"]
[White "Graf, Alexander"]
[Black "Schmidt, Bodo"]
[Result "1-0"]
[WhiteElo "2624"]
[BlackElo "2352"]
[PlyCount "83"]
[EventDate "2003.01.10"]

1. d4 d5 2. c4 c6 3. Nf3 Nf6 4. Nc3 a6 5. e3 g6 6. Bd3 Bg7 7. O-O O-O 8. b3 c5
9. Nxd5 Nxd5 10. cxd5 cxd4 11. Nxd4 Qxd5 12. Ba3 Re8 13. Bc4 Qd7 14. Rc1 e5 15.
Nf3 Qf5 16. Bd5 e4 17. Rxc8 Rxc8 18. Bxb7 Nc6 19. Bxa8 Rxa8 20. Qc2 Rc8 21. Nd2
Nb4 22. Qxe4 Qxe4 23. Nxe4 Nxa2 24. g4 Rb8 25. Nc5 Nc3 26. Kg2 Rb5 27. Rc1 a5
28. f4 f5 29. Kf3 Kf7 30. g5 Bh8 31. Kf2 Bg7 32. Ke1 Nd5 33. Kd2 Bf8 34. Kd3
Nb6 35. Rc2 Bxc5 36. Bxc5 Rxb3+ 37. Kd4 Nd7 38. Bd6 Ke6 39. Rc6 Rb5 40. Ba3+
Kf7 41. Ra6 Nf8 42. Rf6+ 1-0

[Event "Godesberg - Porz"]
[Site "BL 0203"]
[Date "2003.01.10"]
[Round "7.8"]
[White "Upleger, Martin"]
[Black "Van den Doel, Erik"]
[Result "0-1"]
[WhiteElo "2268"]
[BlackElo "2602"]
[PlyCount "58"]
[EventDate "2003.01.10"]

1. e4 e5 2. Bc4 Nf6 3. Nc3 Nc6 4. d3 Na5 5. Bb5 c6 6. Ba4 b5 7. Bb3 d5 8. exd5
b4 9. Ne4 Nxb3 10. axb3 cxd5 11. Nxf6+ Qxf6 12. Qf3 Qc6 13. Ne2 Be7 14. Bd2 O-O
15. Rc1 a5 16. O-O a4 17. bxa4 Rxa4 18. c3 Qd7 19. cxb4 Bxb4 20. b3 Bxd2 21.
bxa4 Bxc1 22. Rxc1 Ba6 23. Qe3 Re8 24. Ra1 d4 25. Qd2 e4 26. dxe4 Rxe4 27. Ng3
Re8 28. f3 d3 29. Ne4 Qd4+ 0-1

[Event "Hamburg - Solingen"]
[Site "BL 0203"]
[Date "2003.01.11"]
[Round "8.2"]
[White "Ftacnik, Lubomir"]
[Black "Jussupow, Artur"]
[Result "1/2-1/2"]
[WhiteElo "2603"]
[BlackElo "2622"]
[PlyCount "61"]
[EventDate "2003.01.11"]

1. d4 Nf6 2. c4 e6 3. Nf3 Bb4+ 4. Bd2 Be7 5. Nc3 d5 6. Qc2 dxc4 7. e3 c5 8.
dxc5 Bxc5 9. Bxc4 Nc6 10. a3 Bd7 11. Rd1 Rc8 12. Ne4 Be7 13. Bc3 Nxe4 14. Qxe4
Bf6 15. Qd3 Bxc3+ 16. Qxc3 O-O 17. Bd3 Rc7 18. O-O Qf6 19. Rc1 Rfc8 20. Rfd1 h6
21. Be4 Qxc3 22. Rxc3 Ne7 23. Rxc7 Rxc7 24. Ne5 Be8 25. f4 f6 26. Rd8 Rc8 27.
Rxc8 Nxc8 28. Nc4 b6 29. Bb7 Ne7 30. Kf2 Kf8 31. e4 1/2-1/2

[Event "Hamburg - Solingen"]
[Site "BL 0203"]
[Date "2003.01.11"]
[Round "8.3"]
[White "Sadler, Matthew"]
[Black "Kempinski, Robert"]
[Result "0-1"]
[WhiteElo "2624"]
[BlackElo "2532"]
[PlyCount "106"]
[EventDate "2003.01.11"]

1. d4 Nf6 2. c4 g6 3. Nc3 Bg7 4. e4 O-O 5. Bg5 d6 6. Qd2 c5 7. d5 a6 8. a4 e6
9. Bd3 exd5 10. cxd5 Re8 11. Nge2 Nbd7 12. O-O Ne5 13. Bc2 Nc4 14. Qc1 Bd7 15.
b3 Na5 16. Rb1 Rc8 17. Qf4 Qe7 18. Ng3 b5 19. axb5 axb5 20. Qd2 b4 21. Nce2 Bb5
22. Rfe1 Qc7 23. h3 Nd7 24. Bh6 Bh8 25. Nf5 Bxe2 26. Rxe2 c4 27. Nd4 cxb3 28.
Nxb3 Bc3 29. Qd1 Nc4 30. Rc1 Na3 31. Bd3 Ne5 32. f3 Nxd3 33. Qxd3 Qc4 34. Qxc4
Nxc4 35. Kf1 f5 36. exf5 gxf5 37. Bf4 Rxe2 38. Kxe2 Re8+ 39. Kf2 Nb2 40. Kg3
Nd3 41. Rd1 Be1+ 42. Rxe1 Rxe1 43. Bxd6 Rb1 44. Na5 b3 45. Ba3 Kf7 46. Nc4 Rg1
47. f4 Rf1 48. d6 Ke6 49. Nb6 b2 50. d7 b1=Q 51. d8=N+ Kf6 52. Nd7+ Kg6 53.
Nf8+ Kh5 0-1